Welcome to CU Library Online Public Access Catalogue (OPAC)

Community health care nursing / (Record no. 7998)

MARC details
000 -LEADER
fixed length control field 01219cam a22003014a 4500
001 - CONTROL NUMBER
control field 13815767
005 - DATE AND TIME OF LATEST TRANSACTION
control field 20251103145148.0
008 - FIXED-LENGTH DATA ELEMENTS--GENERAL INFORMATION
fixed length control field 041213s2005 enka b 001 0 eng
020 ## - INTERNATIONAL STANDARD BOOK NUMBER
International Standard Book Number 1405127481
Qualifying information pbk. : alk. paper
020 ## - INTERNATIONAL STANDARD BOOK NUMBER
International Standard Book Number 9781405127486
Qualifying information pbk. : alk. paper
050 00 - LIBRARY OF CONGRESS CALL NUMBER
Classification number RT98
Item number .C6315 2005
082 00 - DEWEY DECIMAL CLASSIFICATION NUMBER
Classification number 610.73/43
Edition information 22
245 00 - TITLE STATEMENT
Title Community health care nursing /
Statement of responsibility, etc. [edited by] David Sines, Frances Appleby, Marion Frost.
250 ## - EDITION STATEMENT
Edition statement 3rd ed.
260 ## - PUBLICATION, DISTRIBUTION, ETC.
Place of publication, distribution, etc. Oxford, UK ;
-- Malden, MA :
Name of publisher, distributor, etc. Blackwell Pub.,
Date of publication, distribution, etc. c2005.
300 ## - PHYSICAL DESCRIPTION
Extent xii, 324 p. :
Other physical details ill. ;
Dimensions 25 cm.
650 #0 - SUBJECT ADDED ENTRY--TOPICAL TERM
Topical term or geographic name entry element Community health nursing
Geographic subdivision Great Britain.
650 #0 - SUBJECT ADDED ENTRY--TOPICAL TERM
Topical term or geographic name entry element Primary health care
Geographic subdivision Great Britain.
650 12 - SUBJECT ADDED ENTRY--TOPICAL TERM
Topical term or geographic name entry element Community Health Nursing
Geographic subdivision Great Britain.
650 22 - SUBJECT ADDED ENTRY--TOPICAL TERM
Topical term or geographic name entry element Primary Health Care
Geographic subdivision Great Britain.
700 1# - ADDED ENTRY--PERSONAL NAME
Personal name Sines, David.
700 1# - ADDED ENTRY--PERSONAL NAME
Personal name Appleby, Frances M.
700 1# - ADDED ENTRY--PERSONAL NAME
Personal name Frost, Marion.
856 41 - ELECTRONIC LOCATION AND ACCESS
Materials specified Table of contents
Uniform Resource Identifier <a href="http://www.loc.gov/catdir/toc/ecip055/2004029552.html">http://www.loc.gov/catdir/toc/ecip055/2004029552.html</a>
856 42 - ELECTRONIC LOCATION AND ACCESS
Materials specified Contributor biographical information
Uniform Resource Identifier <a href="http://www.loc.gov/catdir/enhancements/fy0802/2004029552-b.html">http://www.loc.gov/catdir/enhancements/fy0802/2004029552-b.html</a>
856 42 - ELECTRONIC LOCATION AND ACCESS
Materials specified Publisher description
Uniform Resource Identifier <a href="http://www.loc.gov/catdir/enhancements/fy0802/2004029552-d.html">http://www.loc.gov/catdir/enhancements/fy0802/2004029552-d.html</a>
942 ## - ADDED ENTRY ELEMENTS (KOHA)
Source of classification or shelving scheme Library of Congress Classification
Koha item type Books
Edition 3rd ed.
Suppress in OPAC No
999 ## -
-- 7998
-- 7998
Holdings
Withdrawn status Lost status Source of classification or shelving scheme Damaged status Not for loan Collection Home library Current library Shelving location Date acquired Total checkouts Full call number Barcode Date last seen Copy number Price effective from Koha item type
    Library of Congress Classification     Non-fiction Science Library (Miotso) Science Library (Miotso) General stacks 11/03/2025   RT98 .C6315 COM SLM00005161 11/03/2025 1 11/03/2025 Books
    Library of Congress Classification     Non-fiction Science Library (Miotso) Science Library (Miotso) General stacks 11/03/2025   RT98 .C6315 COM SLM00005162 11/03/2025 2 11/03/2025 Books
    Library of Congress Classification     Non-fiction Science Library (Miotso) Science Library (Miotso) General stacks 11/03/2025   RT98 .C6315 COM SLM00005163 11/03/2025 3 11/03/2025 Books
    Library of Congress Classification     Non-fiction Science Library (Miotso) Science Library (Miotso) General stacks 11/03/2025   RT98 .C6315 COM SLM00005164 11/03/2025 4 11/03/2025 Books
© 2023-2024 Copyright: Central University Libraries. All Rights Reserved | Created by: Mahone Tech Office